Les pays contenant entre 50 % et 60 % de catholiques - Statistiques

Statistiques générales
  • Ce quiz a été pris 14 fois
    13 depuis la dernière actualisation
  • Le résultat moyen est 2 sur 10
Statistiques - réponses
Hint Réponse % Correct
57,0 % Belgique
64%
57,0 % Gabon
36%
50,0 % Angola
18%
50,5 % Cuba
18%
50,8 % Nicaragua
18%
56,7 % République tchèque
18%
55,8 % Kiribati
9%
56,7 % Lesotho
9%
50,0 % République démocratique du Congo
9%
56,0 % Uruguay
9%
Aucun quiz correspondant
Distribution des résultats
% des personnes avec chaque résultat
Percentile par nombre de réponses
Votre historique - résultats
Vous n’avez pas pris ce quiz depuis la dernière actualisation